00755nam a2200205 a 450000100100000000500170001000800410002702000150006804000250008308200080010810000270011624000340014324501190017726000390029630000210033570000250035670000430038195201080042499900170053200004014920201002033940.0130809s1986 sp 000 0 spa d a8430697691 aDO-SdBNPbspacBNPHU axxx1 aPeccei, Aurelio94990610aBefore is too latelespañol10aAntes de que sea demasiado tarde /cAurelio Peccei, Daisaku Ikeda ; versión española Bernardo Moreno Carrillo. aMadrid :bTaurus Ediciones,c1986. a195 p. ;c22 cm.1 aIkeda, Daisaku934281 aMoreno Carrillo, Bernardo,etr.949907 001050718MOaGRbGRcCTd2013-08-09iLF1l0oxxx p40149-10r2020-06-25w2020-06-25y1ZNo se presta c39639d39639